| 000 | 00381nam a2200133Ia 4500 | ||
|---|---|---|---|
| 008 | 231129s9999||||xx |||||||||||||| ||spa|| | ||
| 020 | _a958-07-1167-4 | ||
| 040 | _bspa | ||
| 082 | _a500 L471t | ||
| 100 | _aLecuona Ruiz Julian | ||
| 245 | 0 | _aTercer milenio : Ciencias naturales y educacion ambiental | |
| 264 | _aSusaeta | ||
| 942 |
_2ddc _cBKS |
||
| 999 |
_c25280 _d25280 |
||